000 00194 a2200097 4500
020 _a7592265001517
041 _aspa
100 _aAaron Alboukrek
245 _aMi primer diccionario
942 _cBK
999 _c29460
_d29458